MARC details
| 000 -LÍDER |
| campo de controle de tamanho fixo |
02925nam a22004217a 4500 |
| 001 - NÚMERO DE CONTROLE |
| campo de controle |
138 |
| 003 - IDENTIFICADOR DO NÚMERO DE CONTROLE |
| campo de controle |
OSt |
| 005 - DATA E HORÁRIO DA ÚLTIMA TRANSAÇÃO |
| campo de controle |
20250217154931.0 |
| 008 - CAMPO DE DADOS FIXOS--INFORMAÇÃO GERAL |
| campo de controle de tamanho fixo |
220530b ||||g |||| 00| 1 eng d |
| 020 ## - ISBN - INTERNATIONAL STANDARD BOOK NUMBER |
| ISBN - International Standard Book Number |
978-85-7799-262-1 |
| 040 ## - FONTE DA CATALOGAÇÃO |
| Idioma da catalogação |
Por |
| Instituição que transcreveu o registro |
por |
| 041 ## - CÓDIGO DE IDIOMA |
| Código do idioma do texto/trilha sonora ou título diferente |
por |
| Código do idioma do original e/ou traduções intermediárias do texto |
eng |
| 082 1# - CDD - CLASSIFICAÇÃO DECIMAL DE DEWEY |
| Número de Classificação |
823 |
| Número do exemplar |
C555mis |
| 100 1# - ENTRADA PRINCIPAL--NOME PESSOAL |
| Nome pessoal |
Christie, Agatha, |
| Datas associadas ao nome |
1890-1976 |
| 9 (RLIN) |
268 |
| 240 ## - TÍTULO UNIFORME |
| Título uniforme |
The mysterious affair at Styles |
| 245 ## - TÍTULO |
| Título |
O misterioso caso de Styles |
| Restante do título |
: primeira aventura com o detetive Hercule Poirot; Livro vira-vira 1 |
| Indicação de responsabilidade, etc. |
Christie, Agatha ; Tradução de A.B. Pinheiro Lemos / |
| 245 ## - TÍTULO |
| Título |
O caso do hotel Bertram e Enquanto houver luz |
| Restante do título |
: uma aventura de Miss Marple; Livro vira-vira 2 |
| Indicação de responsabilidade, etc. |
Christie, Agatha ; tradução de Raquel de Queiroz e Jaime Rodrigues |
| 250 ## - EDIÇÃO |
| Declaração de edição |
2 ed. |
| 260 ## - PUBLICAÇÃO, DISTRIBUIÇÃO, ETC. |
| Local de publicação, distribuição, etc. |
Rio de Janeiro |
| Nome do editor, distribuidor, etc. |
Edições BestBolso |
| Data da publicação, distribuição, etc. |
2010 |
| 300 ## - DESCRIÇÃO FÍSICA |
| Extensão |
196p. |
| 520 ## - NOTA DE RESUMO, ETC. |
| Resumo, etc. |
“Caía a madrugada na casa de campo de Styles quando moradores e convidados acordaram com os barulhos vindos do quarto de Emily Inglethorp, a proprietária da mansão.<br/>Aparentemente, ela estava sofrendo um ataque cardíaco, mas ninguém podia ajuda-la de imediato porque o cômodo estava trancado.<br/>Quando John E Lawrence, enteados dela, e o capitão Hastings, amigo da família, conseguiram derrubar a porta, a matriarca sofria convulsões. Morreu instantes depois. Não demorou para que o médico passasse a suspeitar de assassinato por envenenamento.<br/>Livro de estreia de Agatha Christie, “O Misterioso Caso de Styles”, de 1920, apresenta o personagem que se tornaria célebre nas décadas seguintes, o sagaz Hercule Poirot.<br/>Com o apoio de Hastings, o minucioso detetive belga busca desvendar o intrincado caso. Era o primeiro de muitos mistérios que viriam pela frente.”<br/><br/>O caso do hotel Bertram<br/>O luxuoso hotel Bertram é um dos poucos edifícios de Londres a conservar o charme da Inglaterra do início do século e, mesmo freqüentado por duquesas e barões arruinados, ainda é um dos símbolos da aristocracia britânica. Quando Miss Jane Marple se hospeda no hotel Bertram, sua única intenção é recordar os bons tempos de sua juventude passados lá. O que a simpática velhinha de Saint Mary Mead não pode imaginar é que está para se envolver com uma série de crimes e roubos misteriosos: uma ameaça à reputação do tradicional hotel e à própria vida de Miss Marple. |
| 650 #0 - ASSUNTO--TERMO TÓPICO |
| Cabeçalho tópico ou nome geográfico |
Literatura Inglesa |
| 9 (RLIN) |
89 |
| 650 #0 - ASSUNTO--TERMO TÓPICO |
| Cabeçalho tópico ou nome geográfico |
Literatura Inglesa |
| 9 (RLIN) |
89 |
| 650 #0 - ASSUNTO--TERMO TÓPICO |
| Cabeçalho tópico ou nome geográfico |
Crime e Investigação |
| 9 (RLIN) |
13 |
| 650 #0 - ASSUNTO--TERMO TÓPICO |
| Cabeçalho tópico ou nome geográfico |
Romance Policial |
| 9 (RLIN) |
11 |
| 650 #0 - ASSUNTO--TERMO TÓPICO |
| Cabeçalho tópico ou nome geográfico |
Mistério |
| 9 (RLIN) |
42 |
| 650 #0 - ASSUNTO--TERMO TÓPICO |
| Cabeçalho tópico ou nome geográfico |
Suspense |
| 9 (RLIN) |
10 |
| 650 #0 - ASSUNTO--TERMO TÓPICO |
| Cabeçalho tópico ou nome geográfico |
Clássicos |
| 9 (RLIN) |
77 |
| 650 #0 - ASSUNTO--TERMO TÓPICO |
| Cabeçalho tópico ou nome geográfico |
Filme |
| 9 (RLIN) |
26 |
| 655 #0 - TERMO DE ÍNDICE--GÊNERO E FORMA |
| Gênero/forma/ou termo foco |
Romance |
| 9 (RLIN) |
23 |
| 655 #0 - TERMO DE ÍNDICE--GÊNERO E FORMA |
| Gênero/forma/ou termo foco |
Conto |
| 9 (RLIN) |
68 |
| 700 ## - ENTRADA ADICIONADA - NOME PESSOAL |
| Nome pessoal |
Lemos, A. B. Pinheiro de [tradutor] |
| 700 ## - ENTRADA ADICIONADA - NOME PESSOAL |
| Nome pessoal |
Queiroz, Raquel de [tradutora] |
| 700 ## - ENTRADA ADICIONADA - NOME PESSOAL |
| Nome pessoal |
Rodrigues, Jaime [tradutor] |
| 830 ## - ENTRADA SECUNDÁRIA DE SÉRIE--TÍTULO UNIFORME |
| Título uniforme |
Detetive Hercule Poirot |
| 9 (RLIN) |
271 |
| 830 ## - ENTRADA SECUNDÁRIA DE SÉRIE--TÍTULO UNIFORME |
| Título uniforme |
Miss Marple |
| 9 (RLIN) |
276 |
| 942 ## - ELEMENTOS DE ENTRADA ADICIONADOS (KOHA) |
| Fonte de classificação ou esquema de arquivamento |
Classificação decimal de Dewey |
| Tipo de material Koha |
Livros |